[Event "BCF-ch Atkins op"]
[Site "Hull"]
[Date "2024.07.28"]
[Round "4"]
[White "Gardiner, Eric D"]
[Black "Campbell, Duncan AF"]
[Result "0-1"]
[WhiteElo "1918"]
[BlackElo "1917"]
[PlyCount "66"]
[EventDate "2024.07.26"]
[EventType "swiss"]
[EventRounds "5"]
[EventCountry "ENG"]
[SourceTitle "CBM 221 Extra"]
[Source "ChessBase"]
[SourceDate "2024.09.30"]
[SourceVersion "1"]
[SourceVersionDate "2024.09.30"]
[SourceQuality "1"]

1. e4 e6 2. d4 d5 3. Bd3 Nf6 4. e5 Nfd7 5. f4 c5 6. c3 Nc6 7. Nf3 Qb6 8. Be2 f6 9. a3 a5 10. b3 Be7 11. Be3 cxd4 12. cxd4 fxe5 13. fxe5 Ndxe5 14. Nxe5 Nxe5 15. 0-0 Bf6 16. Nc3 Bd7 17. Qd2 Nf7 18. b4 axb4 19. axb4 Rxa1 20. Rxa1 0-0 21. b5 Qd8 22. Ra7 Nd6 23. Bf2 Bg5 24. Qd3 Qb6 25. Ra1 Nc4 26. Rb1 Qd6 27. Bg3 Qa3 28. b6 Be8 29. Nxd5 Qa2 30. Nc3 Qa5 31. Bc7 Bg6 32. Qh3 Bxb1 33. Qxe6+ Kh8 0-1

[Event "ENG-ch Seniors 50"]
[Site "Kenilworth"]
[Date "2024.05.27"]
[Round "6"]
[White "Gardiner, Eric D"]
[Black "Burrows, Martin P"]
[Result "1/2-1/2"]
[WhiteElo "1915"]
[BlackElo "2008"]
[PlyCount "57"]
[EventDate "2024.05.24"]
[EventType "swiss"]
[EventRounds "7"]
[EventCountry "ENG"]
[SourceTitle "CBM 220 Extra"]
[Source "ChessBase"]
[SourceDate "2024.07.31"]
[SourceVersion "1"]
[SourceVersionDate "2024.07.31"]
[SourceQuality "1"]

1. e4 c5 2. c3 d5 3. exd5 Qxd5 4. d4 e6 5. Nf3 Nf6 6. Na3 Qd8 7. Nc4 Be7 8. Bd3 0-0 9. dxc5 Bxc5 10. Qe2 Nbd7 11. 0-0 Qc7 12. Bg5 b6 13. Rad1 Bb7 14. Nfe5 b5 15. Nxd7 Nxd7 16. Ne3 a6 17. Bxh7+ Kxh7 18. Qd3+ Kg8 19. Qxd7 Qxd7 20. Rxd7 Bc6 21. Rc7 Rac8 22. Rxc8 Rxc8 23. Nc2 Bd5 24. Be3 Be7 25. a3 Be4 26. Rc1 Rd8 27. f3 Bd5 28. Kf2 f6 29. Rd1 1/2-1/2

[Event "ENG-ch Seniors 50"]
[Site "Kenilworth"]
[Date "2024.05.27"]
[Round "5"]
[White "Hymer, Barry J"]
[Black "Gardiner, Eric D"]
[Result "0-1"]
[WhiteElo "1943"]
[BlackElo "1915"]
[PlyCount "86"]
[EventDate "2024.05.24"]
[EventType "swiss"]
[EventRounds "7"]
[EventCountry "ENG"]
[SourceTitle "CBM 220 Extra"]
[Source "ChessBase"]
[SourceDate "2024.07.31"]
[SourceVersion "1"]
[SourceVersionDate "2024.07.31"]
[SourceQuality "1"]

1. d4 d5 2. Nc3 Nf6 3. Bf4 c5 4. e3 cxd4 5. exd4 Bg4 6. f3 Bd7 7. Nb5 Bxb5 8. Bxb5+ Nc6 9. c3 a6 10. Bd3 e6 11. Ne2 Bd6 12. Bxd6 Qxd6 13. Ng3 0-0 14. 0-0 Qf4 15. Qc1 Qxc1 16. Raxc1 b5 17. f4 g6 18. Rfe1 Ne8 19. Nf1 Nd6 20. Nd2 Na5 21. b4 Nc6 22. a4 bxa4 23. Ra1 Nb5 24. Rec1 Rfc8 25. Rxa4 Ncxd4 26. Rca1 Rxc3 27. Bxb5 Nxb5 28. Rxa6 Rxa6 29. Rxa6 Rc2 30. Rb6 Nd4 31. Nf1 Ne2+ 32. Kf2 Nxf4+ 33. Kf3 Nxg2 34. b5 Nh4+ 35. Ke3 Rb2 36. Rb8+ Kg7 37. Kd3 Nf3 38. Kc3 Rb1 39. Ng3 Ne5 40. Kc2 Rb4 41. Kc3 Rc4+ 42. Kb3 Nd7 43. Rd8 Nc5+ 0-1

[Event "ENG-ch Seniors 50"]
[Site "Kenilworth"]
[Date "2024.05.25"]
[Round "3"]
[White "Gardiner, Eric D"]
[Black "Henderson, David"]
[Result "1/2-1/2"]
[WhiteElo "1915"]
[BlackElo "2082"]
[PlyCount "104"]
[EventDate "2024.05.24"]
[EventType "swiss"]
[EventRounds "7"]
[EventCountry "ENG"]
[SourceTitle "CBM 220 Extra"]
[Source "ChessBase"]
[SourceDate "2024.07.31"]
[SourceVersion "1"]
[SourceVersionDate "2024.07.31"]
[SourceQuality "1"]

1. e4 e5 2. Nf3 Nc6 3. d4 exd4 4. Nxd4 Bc5 5. Nxc6 bxc6 6. Bd3 d6 7. Qe2 Ne7 8. Be3 Bxe3 9. Qxe3 0-0 10. 0-0 f5 11. Nd2 f4 12. Qe2 Ng6 13. f3 Be6 14. Bc4 Qf6 15. Bxe6+ Qxe6 16. Qc4 Qxc4 17. Nxc4 Rab8 18. b3 Rb5 19. Rfe1 Re8 20. Kf2 Kf7 21. Rad1 Rh5 22. h3 Rg5 23. Rd2 Re6 24. Rg1 Rg3 25. Nb2 Rg5 26. g3 fxg3+ 27. Rxg3 Ra5 28. a4 Nf4 29. Nd3 Nxd3+ 30. Rxd3 Rc5 31. c4 Ree5 32. Ke3 d5 33. cxd5 cxd5 34. Kd4 dxe4 35. fxe4 Rh5 36. Rdf3+ Kg8 37. Rc3 Rxc3 38. Rxc3 c5+ 39. Rxc5 Rxh3 40. b4 Rb3 41. Kc4 Re3 42. Kd5 h5 43. e5 h4 44. e6 h3 45. Kd6 g6 46. Rc8+ Kg7 47. Rc2 g5 48. e7 Rd3+ 49. Ke6 Re3+ 50. Kd7 Rd3+ 51. Ke6 Re3+ 52. Kd7 Rd3+ 1/2-1/2

[Event "Cambridge op 2nd"]
[Site "Cambridge"]
[Date "2024.02.21"]
[Round "5"]
[White "Gardiner, Eric D"]
[Black "Homer, Stephen J"]
[Result "1/2-1/2"]
[WhiteElo "1837"]
[BlackElo "2021"]
[PlyCount "96"]
[EventDate "2024.02.19"]
[EventType "swiss"]
[EventRounds "9"]
[EventCountry "ENG"]
[SourceTitle "CBM 218 Extra"]
[Source "ChessBase"]
[SourceDate "2024.03.31"]
[SourceVersion "1"]
[SourceVersionDate "2024.03.31"]
[SourceQuality "1"]

1. e4 c5 2. c3 d5 3. exd5 Qxd5 4. d4 Nf6 5. Nf3 e6 6. Na3 a6 7. Nc4 Nbd7 8. Be2 Be7 9. 0-0 0-0 10. Re1 cxd4 11. Nxd4 Qc5 12. Qd3 Ne5 13. Nxe5 Qxe5 14. Bd2 Qc7 15. Rad1 Bd7 16. Bf3 Rfd8 17. Qe2 Re8 18. Bg5 Ng4 19. Bxg4 Bxg5 20. Nf3 Bf6 21. Ne5 Bxe5 22. Qxe5 Qxe5 23. Rxe5 Bc6 24. Bf3 Bxf3 25. gxf3 f6 26. Rc5 Re7 27. Rd6 Kf7 28. a4 g5 29. b4 Kg6 30. b5 axb5 31. axb5 Rg8 32. b6 Rgg7 33. Rd8 e5 34. Rcd5 Kf5 35. Kf1 h5 36. h3 Kf4 37. Ke2 Re6 38. R8d6 Rge7 39. c4 e4 40. fxe4 Rxd6 41. Rxd6 Kxe4 42. f3+ Kf4+ 43. Kf2 f5 44. c5 g4 45. fxg4 hxg4 46. hxg4 Kxg4 47. c6 bxc6 48. Rxc6 Rb7 1/2-1/2

[Event "BCF-chT3E 2224 (4NCL)"]
[Site "England"]
[Date "2023.11.12"]
[Round "2.24"]
[White "Gardiner, Eric D"]
[Black "Honarvarmahalati, Hooman"]
[Result "1/2-1/2"]
[WhiteElo "1982"]
[BlackElo "1848"]
[PlyCount "64"]
[EventDate "2023.11.11"]
[EventType "team-tourn"]
[EventRounds "11"]
[EventCountry "ENG"]
[SourceTitle "CBM 217 Extra"]
[Source "ChessBase"]
[SourceDate "2024.01.31"]
[SourceVersion "1"]
[SourceVersionDate "2024.01.31"]
[SourceQuality "1"]
[WhiteTeam "Hull & East Riding Tigers"]
[BlackTeam "Sussex Martlets II"]
[WhiteTeamCountry "ENG"]
[BlackTeamCountry "ENG"]

1. e4 c6 2. d4 d5 3. exd5 cxd5 4. Bd3 Nc6 5. c3 Nf6 6. h3 e5 7. dxe5 Nxe5 8. Nf3 Nxd3+ 9. Qxd3 Be7 10. 0-0 0-0 11. Be3 b6 12. Nbd2 Qd6 13. Rfe1 Re8 14. Rad1 Bb7 15. Bg5 Rad8 16. Nd4 Qd7 17. Nf5 Bf8 18. Nf3 Rxe1+ 19. Rxe1 Re8 20. Rxe8 Nxe8 21. N3d4 Nd6 22. Nxd6 Qxd6 23. Qe3 Qg6 24. Be7 Qe4 25. Qxe4 dxe4 26. Bxf8 Kxf8 27. Kf1 g6 28. Ke2 Ke7 29. Ke3 a6 30. g3 Kd6 31. Nb3 Kd5 32. Nd2 f5 1/2-1/2

[Event "GBR-ch 109th"]
[Site "Leicester"]
[Date "2023.07.30"]
[Round "9"]
[White "Gardiner, Eric D"]
[Black "Starley, Robert"]
[Result "0-1"]
[WhiteElo "1843"]
[BlackElo "2064"]
[PlyCount "120"]
[EventDate "2023.07.22"]
[EventType "swiss"]
[EventRounds "9"]
[EventCountry "ENG"]
[SourceTitle "CBM 215 Extra"]
[Source "ChessBase"]
[SourceDate "2023.09.30"]
[SourceVersion "1"]
[SourceVersionDate "2023.09.30"]
[SourceQuality "1"]

1. e4 c5 2. c3 Nf6 3. e5 Nd5 4. Nf3 Nc6 5. Bc4 e6 6. d4 Nb6 7. Bb3 c4 8. Bc2 d5 9. Nbd2 Bd7 10. Nf1 Be7 11. Ng3 Qc7 12. 0-0 0-0-0 13. Bg5 f6 14. exf6 gxf6 15. Bh4 Rdg8 16. Qd2 h5 17. Ne2 Rg4 18. Bg3 e5 19. dxe5 fxe5 20. h3 Rg7 21. Nh4 Bxh4 22. Bxh4 Bxh3 23. Ng3 Be6 24. Bd1 Rhg8 25. Bxh5 Bg4 26. Bxg4+ Rxg4 27. Qh6 Qg7 28. Qxg7 R8xg7 29. Nf5 Rxg2+ 30. Kh1 R2g4 31. Bg3 Rh7+ 32. Kg2 Rg5 33. Ne3 Kd7 34. Rh1 Rgh5 35. Rxh5 Rxh5 36. Ng4 Ke6 37. Re1 Nd7 38. f4 e4 39. Ne3 Ne7 40. Rd1 Nb6 41. Bf2 Rh7 42. Nc2 Nf5 43. Nd4+ Nxd4 44. Bxd4 Nc8 45. Kg3 a6 46. b3 Nd6 47. bxc4 dxc4 48. a4 Nf5+ 49. Kg4 Rd7 50. Rh1 Nxd4 51. Rh6+ Kd5 52. Rh5+ Kc6 53. cxd4 Rxd4 54. f5 c3 55. f6 c2 56. f7 c1Q 57. f8Q Qd1+ 58. Kg3 Qxh5 59. Qc8+ Kb6 60. Qe6+ Ka7 0-1

[Event "Daventry 4NCL Easter op-A 3rd"]
[Site "Daventry"]
[Date "2023.04.09"]
[Round "5"]
[White "Gardiner, Eric D"]
[Black "Moss, Jack"]
[Result "1/2-1/2"]
[WhiteElo "1860"]
[BlackElo "1814"]
[PlyCount "36"]
[EventDate "2023.04.07"]
[EventType "swiss"]
[EventRounds "7"]
[EventCountry "ENG"]
[SourceTitle "CBM 213 Extra"]
[Source "ChessBase"]
[SourceDate "2023.05.31"]
[SourceVersion "1"]
[SourceVersionDate "2023.05.31"]
[SourceQuality "1"]

1. e4 e5 2. Nf3 Nc6 3. d4 exd4 4. Nxd4 Nf6 5. Nc3 Bb4 6. Nxc6 bxc6 7. Bd3 d5 8. exd5 0-0 9. 0-0 Bg4 10. f3 Bh5 11. dxc6 Qd4+ 12. Kh1 Bxc3 13. bxc3 Qxc3 14. Bg5 Qxc6 15. Qd2 Bg6 16. Bxg6 hxg6 17. Bxf6 Qxf6 18. Rab1 Qa6 1/2-1/2

[Event "Harrogate 4NCL op-A 29th"]
[Site "Harrogate"]
[Date "2023.01.22"]
[Round "4"]
[White "Rich, Ben S"]
[Black "Gardiner, Eric D"]
[Result "1-0"]
[WhiteElo "1812"]
[BlackElo "1905"]
[PlyCount "65"]
[EventDate "2023.01.20"]
[EventType "swiss"]
[EventRounds "5"]
[EventCountry "ENG"]
[SourceTitle "CBM 212 Extra"]
[Source "ChessBase"]
[SourceDate "2023.03.31"]
[SourceVersion "1"]
[SourceVersionDate "2023.03.31"]
[SourceQuality "1"]

1. a3 d5 2. c4 e6 3. e3 Nf6 4. Nf3 Be7 5. Qc2 0-0 6. b3 c5 7. Bb2 Nc6 8. d3 b6 9. Nbd2 Bb7 10. Be2 dxc4 11. dxc4 Qc7 12. Ng5 h6 13. h4 Rfd8 14. Bh5 hxg5 15. hxg5 Ne5 16. gxf6 Bxf6 17. Ke2 a6 18. Bf3 Bxf3+ 19. gxf3 Ng6 20. Bxf6 gxf6 21. Ne4 Qe5 22. f4 Qf5 23. f3 Kg7 24. Qc3 e5 25. Ng3 Qe6 26. f5 Qd6 27. fxg6 fxg6 28. Rad1 Qe6 29. Rd3 Rh8 30. Rdd1 Rh3 31. Rdg1 Rah8 32. Rxh3 Rxh3 33. Rg2 1-0

[Event "Witney op-A 9th"]
[Site "Witney"]
[Date "2022.11.06"]
[Round "5"]
[White "Gardiner, Eric D"]
[Black "Robertson, Struan"]
[Result "1/2-1/2"]
[WhiteElo "1915"]
[BlackElo "1583"]
[PlyCount "54"]
[EventDate "2022.11.05"]
[EventType "swiss"]
[EventRounds "5"]
[EventCountry "ENG"]
[SourceTitle "CBM 211 Extra"]
[Source "ChessBase"]
[SourceDate "2023.01.31"]
[SourceVersion "1"]
[SourceVersionDate "2023.01.31"]
[SourceQuality "1"]

1. e4 e5 2. Nf3 Nf6 3. Nc3 Nc6 4. d4 exd4 5. Nxd4 Bb4 6. Nxc6 bxc6 7. Bd3 0-0 8. 0-0 Bxc3 9. bxc3 d5 10. exd5 cxd5 11. Qf3 Qd6 12. Bf4 Qc5 13. Rab1 Be6 14. Rb5 Qc6 15. Rfb1 Ne4 16. c4 f5 17. cxd5 Bxd5 18. Bxe4 Bxe4 19. Qg3 Rad8 20. h4 Bxc2 21. R1b2 Rd3 22. Qg5 Rf6 23. Rb8+ Kf7 24. Qh5+ Rg6 25. Qxf5+ Rf6 26. Qh5+ Rg6 27. Qf5+ Rf6 1/2-1/2

[Event "Witney op-A 9th"]
[Site "Witney"]
[Date "2022.11.05"]
[Round "1"]
[White "Gardiner, Eric D"]
[Black "Han, Yichen"]
[Result "1/2-1/2"]
[WhiteElo "1915"]
[BlackElo "2409"]
[PlyCount "254"]
[EventDate "2022.11.05"]
[EventType "swiss"]
[EventRounds "5"]
[EventCountry "ENG"]
[SourceTitle "CBM 211 Extra"]
[Source "ChessBase"]
[SourceDate "2023.01.31"]
[SourceVersion "1"]
[SourceVersionDate "2023.01.31"]
[SourceQuality "1"]

1. Nf3 d5 2. g3 Bg4 3. Bg2 c6 4. 0-0 Nd7 5. d3 Ngf6 6. h3 Bh5 7. c4 e6 8. cxd5 exd5 9. e4 dxe4 10. dxe4 Nc5 11. Nc3 Be7 12. Qxd8+ Rxd8 13. Nh4 Nfd7 14. Nf5 Bf6 15. g4 Bg6 16. Rd1 0-0 17. Be3 Bxf5 18. exf5 Bxc3 19. bxc3 Na4 20. Rd2 Ndb6 21. Rad1 Rxd2 22. Rxd2 Nxc3 23. f6 gxf6 24. Bh6 Re8 25. f4 f5 26. Bf3 fxg4 27. Rg2 Kh8 28. hxg4 Nbd5 29. f5 b5 30. g5 b4 31. Bh5 Re1+ 32. Kh2 Re7 33. g6 hxg6 34. fxg6 fxg6 35. Rxg6 c5 36. Rd6 Ne3 37. Bg5 Nf5 38. Rd8+ Kg7 39. Bxe7 Nxe7 40. Rd7 Kf6 41. Rxa7 Ned5 42. Bf3 c4 43. Kg3 Ne3 44. Kf2 Nc2 45. Be2 Ne4+ 46. Kf3 Nd2+ 47. Kf2 Ke5 48. Rd7 Ne4+ 49. Kf1 c3 50. Bd3 Nc5 51. Re7+ Kd6 52. Bxc2 Kxe7 53. Ke2 Kd6 54. Ke3 Ke5 55. Bd1 Kd5 56. Bc2 Kc4 57. Bh7 Kd5 58. Bc2 Ke5 59. Bh7 Ne6 60. Kd3 Nd4 61. Kc4 Nf5 62. Kd3 Nd6 63. Kc2 Kd4 64. Kb3 Ne4 65. Kc2 Nd2 66. Bg6 Nc4 67. Bh7 Kc5 68. Bg6 Kb5 69. Be8+ Ka5 70. Kb3 Nd2+ 71. Kc2 Nf3 72. Kc1 Nd4 73. Bd7 Kb6 74. Be8 Kc5 75. Bf7 Kd6 76. Bg8 Ke5 77. Bh7 Kf4 78. Bg6 Ke3 79. Bh7 Nf3 80. Bg6 Ne5 81. Bh7 Kd4 82. Kc2 Kc4 83. Bf5 Kb5 84. Be6 Ka4 85. Bg8 Ka3 86. Bd5 Nd7 87. Bg8 Ne5 88. Bd5 Ng4 89. Bg8 Ne3+ 90. Kc1 Nf5 91. Bf7 Nd4 92. Bg8 Ka4 93. Bf7 Kb5 94. Bg8 Kc5 95. Bf7 Kd6 96. Bg6 Kd5 97. Bf7+ Ke4 98. Bg8 Kd3 99. Bh7+ Ke3 100. Bg6 Nb5 101. Kc2 Nd6 102. Kc1 Kd4 103. Kc2 Ne4 104. Kc1 Kd3 105. Bh7 Kd4 106. Bg6 Nf6 107. Kc2 Nd5 108. Bh7 Ne3+ 109. Kc1 Kc4 110. Bg8+ Kb5 111. Be6 Ka4 112. Bg8 Ka3 113. Be6 Ka4 114. Bf7 Kb5 115. Be6 Kc5 116. Bf7 Kd4 117. Bg6 Nc4 118. Kc2 Na3+ 119. Kc1 Kc4 120. Bf7+ Kd3 121. Bg6+ Kd4 122. Bh7 Nb5 123. Kc2 Kc5 124. Kc1 Nd4 125. Bg8 Kb5 126. Bf7 Kc6 127. Bg8 Kd6 1/2-1/2

[Event "Daventry 4NCL Easter op-A 2nd"]
[Site "Daventry"]
[Date "2022.04.15"]
[Round "1"]
[White "Gardiner, Eric D"]
[Black "Arkell, Keith C"]
[Result "0-1"]
[WhiteElo "1985"]
[BlackElo "2383"]
[PlyCount "149"]
[EventDate "2022.04.15"]
[EventType "swiss"]
[EventRounds "7"]
[EventCountry "ENG"]
[SourceTitle "CBM 207 Extra"]
[Source "ChessBase"]
[SourceDate "2022.05.31"]
[SourceVersion "1"]
[SourceVersionDate "2022.05.31"]
[SourceQuality "1"]

1. e4 c6 2. Nc3 d5 3. Nf3 Bg4 4. h3 Bxf3 5. Qxf3 Nf6 6. Be2 dxe4 7. Nxe4 Nxe4 8. Qxe4 Nd7 9. d4 Nf6 10. Qh4 e6 11. 0-0 Be7 12. c3 0-0 13. Bg5 Nd5 14. Bxe7 Qxe7 15. Qxe7 Nxe7 16. Bf3 Rfd8 17. Rfe1 g6 18. g3 Rd7 19. h4 Rad8 20. Re5 Nf5 21. Kg2 Kg7 22. Be4 Nd6 23. Bd3 b6 24. b4 Ne8 25. a4 Nc7 26. a5 f6 27. Re2 c5 28. axb6 axb6 29. bxc5 bxc5 30. Ra7 cxd4 31. cxd4 Kf7 32. Rc2 Ne8 33. Rxd7+ Rxd7 34. Bb5 Rxd4 35. Rc8 Nd6 36. Rc7+ Kf8 37. Ba6 h6 38. Rd7 g5 39. hxg5 hxg5 40. f3 Ke8 41. Rc7 Nf5 42. Kf2 Rd2+ 43. Ke1 Rb2 44. g4 Nd4 45. Bb7 Kf8 46. Be4 Rb3 47. Kf2 Ra3 48. Rb7 Rc3 49. Ra7 Nb5 50. Rd7 Ke8 51. Rd3 Rc7 52. Rd2 Ke7 53. Ke3 Nd6 54. Rc2 Ra7 55. Bd3 Nf7 56. Rc3 Kd6 57. Rb3 Ne5 58. Be4 Kc5 59. Kf2 Nc4 60. Rb7 Ra2+ 61. Ke1 Nd6 62. Rc7+ Kd4 63. Bg6 Nc4 64. Rd7+ Ke5 65. Rd3 Nb6 66. Rc3 Nd5 67. Rc2 Rxc2 68. Bxc2 Kf4 69. Kf2 Nc3 70. Bd3 e5 71. Bf5 Nd1+ 72. Ke2 Ne3 73. Be6 e4 74. fxe4 Kxe4 75. Kf2 0-1

[Event "BCF-chT3N 1920 (4NCL)"]
[Site "England"]
[Date "2020.01.11"]
[Round "3.11"]
[White "Gardiner, Eric D"]
[Black "Boswell, Jacob Connor"]
[Result "1-0"]
[WhiteElo "1960"]
[BlackElo "2140"]
[PlyCount "65"]
[EventDate "2019.11.09"]
[EventType "team-swiss"]
[EventRounds "11"]
[EventCountry "ENG"]
[SourceTitle "EXT 2022"]
[Source "ChessBase"]
[SourceDate "2021.10.06"]
[SourceVersion "1"]
[SourceVersionDate "2021.10.06"]
[SourceQuality "1"]
[WhiteTeam "Euwe's North Sea Tigers"]
[BlackTeam "J'Adoube"]
[WhiteTeamCountry "ENG"]
[BlackTeamCountry "ENG"]

1. e4 e5 2. Nf3 Nc6 3. d4 exd4 4. Nxd4 Bc5 5. Nxc6 bxc6 6. Bd3 Nf6 7. 0-0 0-0 8. e5 Ne8 9. Nc3 f5 10. Na4 Bb6 11. c4 Qe7 12. Nxb6 axb6 13. Qe2 c5 14. Bxf5 Bb7 15. Qd3 h6 16. Qxd7 Qxe5 17. Qe6+ Qxe6 18. Bxe6+ Kh8 19. Be3 Rf6 20. Bh3 Nd6 21. b3 Bc6 22. a4 Be4 23. Ra2 Nb7 24. f3 Bg6 25. Bd2 Rd8 26. Re1 Rfd6 27. Bf4 Rd1 28. Rae2 Rxe1+ 29. Rxe1 Kg8 30. Re7 Na5 31. Be6+ Kf8 32. Rxc7 Re8 33. Bd6+ 1-0